| 000 | 00000nam##2200000za#4500 |
| 001 | 9.698047 |
| 003 | CaOODSP |
| 005 | 20210624235743 |
| 007 | cr ||||||||||| |
| 008 | 150407|2002||||xxc|||||o f|0| 0 eng|d |
| 040 | |aCaOODSP|beng |
| 043 | |an-cn--- |
| 086 | 1 |aYL2-12/2002E-PDF |
| 245 | 00|aInside Canada's Parliament : |h[electronic resource]|ban introduction to how the Canadian Parliament works / |cco-produced by the Senate, the House of Commons and the Library of Parliament. |
| 250 | |aFirst edition |
| 260 | |aOttawa - Ontario : |bLibrary of Parliament |cc2002. |
| 300 | |a41p.|borganization chart, photographs |
| 500 | |aThe catalogue number (YL2-12/2002) and ISBN (0-662-66038-2) for the bilingual print edition have been incorrectly copied in this electronic publication. |
| 520 | 3 |aThis is an introduction to how the Canadian Parliament works. It provides an overview of the parliamentary system, including the history, geography and social diversity that helped shape Parliament. It outlines the role of the Prime Minister and the Cabinet, discusses the relationship to government departments and the courts, and provides an overview of the three parliamentary institutions — the Crown, the Senate and the House of Commons. This publication examines the daily activities of parliamentarians, including legislators, investigators and watchdogs of the government, and describes the legislative process. The union between tradition and modern practices in Parliament is also highlighted. |
| 590 | |a13-15-Supp|b2013-06-24 |
| 690 | 07|aParliament|2gcpds |
| 690 | 07|aHouse of Commons|2gcpds |
| 690 | 07|aSenate|2gcpds |
| 710 | 1 |aCanada. |bLibrary of Parliament. |
| 775 | 08|tLe Parlement du Canada vu de l'intérieur : |w(CaOODSP)9.642043 |
| 776 | 0#|tInside Canada's Parliament : |w(CaOODSP)9.663161 |
| 776 | 0#|tLe Parlement du Canada vu de l'intérieur : |w(CaOODSP)9.663162 |
| 856 | 40|ahttp://publications.gc.ca|qPDF|s1.14 MB|uhttps://publications.gc.ca/collections/Collection/YL2-12-2002E.pdf |